000 00754nam0a22002531 4500
001 v19\rc\1834688
005 20260406175501.0
035 _a(NLR Aleph) 004929531
090 _a5664571
_c5664571
100 _a20071224d1911 |||y0rusy50 ca
101 0 _arus
102 _aRU
105 _ay z |||||
200 1 _aУстав Латышского учительского общества
210 _aРига
_d1911
215 _a16 с.
_d18
710 0 2 _aЛатышское учительское общество
_cРига
_3RU\NLR\AUTH\889943767
_9382724
801 0 _aRU
_bNLR
_gpsbo
801 0 _aRU
_bRuMoRGB
_2psbo
801 1 _aRU
_bProSoft-M
_2rusmarc
852 _aNLR
_j37.43.10.380
899 _aRuMoRGB
_jV 74/3002
942 _cBOOK
980 _aNB